| 000 | 01283nam a22002177a 4500 | ||
|---|---|---|---|
| 999 |
_c6017 _d6017 |
||
| 003 | OSt | ||
| 005 | 20260127084010.0 | ||
| 008 | 260127b ||||| |||| 00| 0 eng d | ||
| 020 | _a9781801301305 | ||
| 040 | _cKH8 | ||
| 082 | _aFIC BEN | ||
| 100 |
_aBennett, M. A. , _eauthor. |
||
| 245 |
_aYoung Gothic / _cM. A. Bennett.. |
||
| 260 |
_aLondon ; _bWelbeck Children's Books , _c2024. |
||
| 300 |
_a465 pages : _c20 cm. |
||
| 520 | _aFilled with deadly secrets and the monsters you thought only existed in your mind ... You've heard of Frankenstein's monster, you've heard of Dracula, but have you heard of the Villa Diodati? Eve, Griffin, Hal and Ren embark on a summer they'll never forget at the birthplace of all things Gothic. The summer is beset by mysterious happenings, as the monsters they create begin to clamber out of their minds. Events rise to a horrible climax when, on a dark and stormy night, one of the villa's guests is found dead and each of our foursome becomes a suspect in a gruesome murder. It was supposed to be the trip of a lifetime. But when the stuff of nightmares becomes their reality, will they make it out alive? | ||
| 650 |
_aHorror _vFiction |
||
| 650 |
_aFantasy _vFiction |
||
| 650 |
_aMystery _vYoung Adult Fiction |
||
| 942 |
_2ddc _cFIC |
||